000 01305njm a2200325Ia 4500
001 26788
003 IT-RoPAU
005 20220918181206.0
008 131025s9999 xx 000 0 und d
040 _aIT-RoPAU
040 _cIT-RoPAU
041 _aTEDESCO
999 _c103497
_d103497
999 _bn.d.
100 _aBrahms Johannes
_91441
100 _eAutore musica
_916799
100 _gCodice autore musica SPICS: 8867
_91443
245 _aEin Deutsches Requiem op.45
250 _a1a ed.
260 _aGERMANY
260 _bDEUTSCHE GRAMMOPHON
_c1985 [1a Ed.:1985 - Ed. Lingua Orig.: 1868]
300 _aCOMPACT DISC
300 _c100 minuti (Testo: 48 pag.)
500 _aMusica classica, sinfonica. Romanticismo. Testo biblico corale funebre, affetti, marcia, fuga, dinamica, rondò, contrappunto, tromba, coro, soli, orchestra
505 _aEin Deutsches Requiem - Te Deum
511 _aHendricks Barbara: sopr; Josè Van Dam: bar; Scholz Rudolf: organo diretti da Karajan Herbert Von
511 _aMuller-Molinari: contr; Perri Janet: sopr; Winberg Gosta: ten; Malta A diretti da Karajan Herbert Von
650 _aSINFONICA [COMPACT DISC]
_eCodice MATERIA SPICS: 9949
_916800
700 _aBruckner Joseph Anton
_dCodice autore musica SPICS: 10727
_eAutore musica
_pTe Deum
_916801
942 _cCD
_2ddc